|
|
|
|
| LEADER |
00000nam0a2200000 4500 |
| 001 |
140693 |
| 005 |
20231031142130.0 |
| 010 |
|
|
|a 9789850613646
|
| 035 |
|
|
|a (RuTPU)RU\TPU\book\152420
|
| 090 |
|
|
|a 140693
|
| 100 |
|
|
|a 20080704d2007 m y0rusy50 ca
|
| 101 |
0 |
|
|a rus
|
| 102 |
|
|
|a BY
|
| 105 |
|
|
|a a j 001zy
|
| 200 |
1 |
|
|a Теория электрических цепей
|e учебник
|f М. П. Батура, А. П. Кузнецов, А. П. Курулев
|
| 205 |
|
|
|a 2-е изд., испр.
|
| 210 |
|
|
|a Минск
|c Вышэйшая школа
|d 2007
|
| 215 |
|
|
|a 606 с.
|c ил.
|
| 320 |
|
|
|a Использованная литература: с. 602.
|
| 330 |
|
|
|a Рассматриваются установившиеся процессы в линейных электрических цепях, методы их расчета при постоянных и синусоидальных токах и напряжениях, свойства трансформатора без магнитопровода. Описываются резонансные явления в колебательных контурах, цепи трехфазного тока. Излагаются основы четырехполюсников, фильтров, синтеза линейных цепей. Рассматриваются временной, операторный, частотный методы анализа переходных процессов в линейных цепях, активные цепи, режимы работы длинной линии, нелинейные цепи. Первое издание вышло в 2004 г. Для студентов электротехнических специальностей вузов. Может служить руководством для инженерно-технических работников, повышающих свой уровень технических знаний.
|
| 610 |
1 |
|
|a электрические цепи
|
| 610 |
1 |
|
|a теория
|
| 610 |
1 |
|
|a линейные электрические цепи
|
| 610 |
1 |
|
|a установившиеся процессы
|
| 610 |
1 |
|
|a электрорадиоцепи
|
| 610 |
1 |
|
|a переходные процессы
|
| 610 |
1 |
|
|a операторный метод
|
| 610 |
1 |
|
|a частотный метод
|
| 610 |
1 |
|
|a цепи с распределенными параметрами
|
| 610 |
1 |
|
|a линейные активные цепи
|
| 610 |
1 |
|
|a нелинейные электрические цепи
|
| 610 |
1 |
|
|a учебники
|
| 610 |
1 |
|
|a электротехника
|
| 675 |
|
|
|a 621.3.011.7(075.8)
|v 3
|
| 700 |
|
1 |
|a Батура
|b М. П.
|g Михаил Павлович
|
| 701 |
|
1 |
|a Кузнецов
|b А. П.
|g Александр Петрович
|
| 701 |
|
1 |
|a Курулев
|b А. П.
|g Александр Петрович
|
| 801 |
|
1 |
|a RU
|b 63413507
|c 20080704
|g PSBO
|
| 801 |
|
2 |
|a RU
|b 63413507
|c 20150610
|g PSBO
|
| 900 |
|
|
|a Теория электрических цепей
|
| 900 |
|
|
|a Теория электрических цепей и сигналов
|
| 900 |
|
|
|a Основы теории электрических цепей
|
| 942 |
|
|
|c BK
|
| 953 |
|
|
|b 140600
|
| 959 |
|
|
|a 69/20080701
|d 1
|e 313,00
|f ЧЗТЛ:1
|